000 00736nam a2200265Ia 4500
005 20260302114835.0
008 008 260114s9999 xx 000 0 eng d
020 _a9781666988673
037 _aTextbook
040 _aCRL
040 _beng
040 _cCRL
041 _2eng
041 _aeng
084 _qCRL
100 _aMary Alice Barksdale, Getahun Yacob Abraham
_91119919
245 0 _aDemocracy in Picturebooks from Sweden and United States, 2000–2020
260 _bBloomsbury
260 _bLexington Books
260 _c2021
650 _aLiterary Studies
856 _uhttps://doi.org/10.5040/9781666988673?locatt=label:secondary_bloomsburyCollections
942 _cEBOOK
999 _c1684024
_d1684024